000 00806nam a22001697a 4500
003 OSt
005 20251127082925.0
008 251127b |||||||| |||| 00| 0 eng d
040 _cDCL
082 _a၂၉၄.၃၈၂၃၅၃
130 _aတိပိဋက။
_pသုတ္တန္တပိဋက။
_pခုဒ္ဒကနိကာယ။
_tဇာတက၊
_lအဋ္ဌကထာ။
245 _aဇာတကဋ္ဌကထာ၊
_nပထမတွဲ။
264 _aရန်ကုန် ၊
_bနိုင်ငံတော်ဗုဒ္ဓသာသနာအဖွဲ့၊
_c၁၉၅၉။
300 _aဃ၊၆၂၀ စာမျက်နှာ ၊
_c၂၅ စင်တီ။
650 _aဇာတက
_vအဋ္ဌကထာ။
942 _2ddc
_cSHORT TERM
_n0
999 _c2633
_d2633